Zwycięzcy konkursów Pucharu Świata 2024/25 w skokach narciarskich - Statystyki

Ogólne statystyki
  • Ten quiz został rozwiązany 45 razy
  • Średni wynik to 26 z 29
Statystyki odpowiedzi
Data Miejscowość Skocznia Narodowość Zwycięzca % Poprawnych
26.01.2025 Oberstdorf mamucia Słowenia Domen Prevc
95%
16.03.2025 Vikersund mamucia Słowenia Domen Prevc
95%
28.03.2025 Planica mamucia Słowenia Domen Prevc
95%
29.12.2024 Oberstdorf duża Austria Stefan Kraft
95%
4.01.2025 Innsbruck duża Austria Stefan Kraft
95%
7.12.2024 Wisła duża Austria Daniel Tschofenig
90%
21.12.2024 Engelberg duża Austria Daniel Tschofenig
90%
1.01.2025 Garmisch-Partenkirchen duża Austria Daniel Tschofenig
90%
6.01.2025 Bischofshofen duża Austria Daniel Tschofenig
90%
19.01.2025 Zakopane duża Austria Daniel Tschofenig
90%
1.02.2025 Willingen duża Austria Daniel Tschofenig
90%
2.02.2025 Willingen duża Austria Daniel Tschofenig
90%
8.02.2025 Lake Placid duża Austria Daniel Tschofenig
90%
15.02.2025 Sapporo duża Japonia Ryōyū Kobayashi
90%
16.02.2025 Sapporo duża Japonia Ryōyū Kobayashi
90%
13.03.2025 Oslo duża Japonia Ryōyū Kobayashi
90%
23.11.2024 Lillehammer duża Niemcy Pius Paschke
88%
24.11.2024 Lillehammer duża Austria Jan Hörl
86%
21.12.2024 Engelberg duża Austria Jan Hörl
86%
1.12.2024 Ruka duża Niemcy Andreas Wellinger
83%
15.03.2025 Vikersund mamucia Niemcy Andreas Wellinger
83%
22.03.2025 Lahti duża Słowenia Anže Lanišek
83%
30.03.2025 Planica mamucia Słowenia Anže Lanišek
83%
25.01.2025 Oberstdorf mamucia Słowenia Timi Zajc
83%
8.02.2025 Lake Placid duża Norwegia Johann André Forfang
81%
30.11.2024 Ruka duża Niemcy Pius Paschke
81%
8.12.2024 Wisła duża Niemcy Pius Paschke
81%
14.12.2024 Titisee-Neustadt duża Niemcy Pius Paschke
81%
15.12.2024 Titisee-Neustadt duża Niemcy Pius Paschke
81%
Nie znaleziono quizów pasujących do podanych kryteriów
Rozkład punktacji
Procent ludzi z każdym wynikiem
Percentyl według liczby udzielonych odpowiedzi
Twoja historia wyników
Nie rozwiązałeś tego quizu